000 00711nam a2200217 i 4500
001 14467
003 ES-MaACL
005 20250122063028.0
007 t|
008 990322s1933 sp ||||1| spa d
080 _a929 Cervantes Saavedra, Miguel de
100 1 _aTomás, Mariano,
_9239478
_d1891-1957
245 1 0 _aVida y desventuras de Miguel de Cervantes /
_cpor Mariano Tomás.
260 _aBarcelona :
_bJuventud,
_c1933.
300 _a240 p., [6] h. lám. ;
_c20 cm.
600 1 4 _aCervantes Saavedra, Miguel de,
_d1547-1616-
_xBiografías
_937596
852 _aES-MaACL
_jF-640
_bR.112943
_914810
852 _aES-MaACL
_jA-1526/Ej.1
_914810
942 _2udc
999 _c14467
_d14467